|
|
|
|
| LEADER |
01342nab a2200361 i 4500 |
| 001 |
publ38616 |
| 005 |
20251227181239.0 |
| 008 |
251227s2025 hu o 000 eng d |
| 022 |
|
|
|a 1177-5475
|
| 024 |
7 |
|
|a 10.2147/BTT.S559503
|2 doi
|
| 024 |
7 |
|
|a 36649072
|2 mtmt
|
| 040 |
|
|
|a SZTE Publicatio Repozitórium
|b hun
|
| 041 |
|
|
|a eng
|
| 100 |
1 |
|
|a Pápista Máté
|
| 245 |
1 |
0 |
|a Efficacy, Safety, and Cost-Effectiveness of the Infliximab Biosimilar GP-1111 in Patients with Inflammatory Bowel Disease Who Underwent a Nonmedical Switch
|h [elektronikus dokumentum] :
|b A Prospective Cohort Study /
|c Pápista Máté
|
| 260 |
|
|
|c 2025
|
| 300 |
|
|
|a 731-743
|
| 490 |
0 |
|
|a BIOLOGICS-TARGETS & THERAPY
|v 19
|
| 650 |
|
4 |
|a Gasztroenterológia és hepatológia
|
| 700 |
0 |
1 |
|a Resál Tamás
|e aut
|
| 700 |
0 |
1 |
|a Bacsur Péter
|e aut
|
| 700 |
0 |
1 |
|a Kata Diána
|e aut
|
| 700 |
0 |
1 |
|a Farkas Bernadett
|e aut
|
| 700 |
0 |
1 |
|a Bálint Anita
|e aut
|
| 700 |
0 |
1 |
|a Fábián Anna
|e aut
|
| 700 |
0 |
1 |
|a Bor Renáta
|e aut
|
| 700 |
0 |
1 |
|a Ivány Emese
|e aut
|
| 700 |
0 |
1 |
|a Szepes Zoltán
|e aut
|
| 700 |
0 |
1 |
|a Farkas Klaudia
|e aut
|
| 700 |
0 |
1 |
|a Juhász Zoltán
|e aut
|
| 700 |
0 |
1 |
|a Buzás Norbert
|e aut
|
| 700 |
0 |
1 |
|a Molnár Tamás
|e aut
|
| 856 |
4 |
0 |
|u http://publicatio.bibl.u-szeged.hu/38616/1/BTT-559503-efficacy--safety--and-cost-effectiveness-of-the-infliximab-b.pdf
|z Dokumentum-elérés
|